Goya en el Museo del Prado

-д хадгалсан:
Номзүйн дэлгэрэнгүй
Үндсэн зохиолч: Cerutti, Lucia (Зохиогч)
Формат: Ном
Хэл сонгох:испани
Хэвлэсэн: Madrid Cupsa 1982
Цуврал:Documentos de Arte
Нөхцлүүд:
Шошгууд: Шошго нэмэх
Шошго байхгүй, Энэхүү баримтыг шошголох эхний хүн болох!

MARC

LEADER 00000nam a2200000 a 4500
001 UCP8251
003 CL-VaPUC
008 000114e19820000SP |||||||||||||||||spa|d
082 0 4 |a 759.6  |b CER  |2 21 
100 0 |a Cerutti, Lucia  |e author  |9 438079 
245 1 0 |a Goya en el Museo del Prado 
300 |a 75 p 
942 |c BK 
945 |d 20000114 00:00:00  |a crobeson 
260 |a Madrid  |b Cupsa  |c 1982 
600 0 |a Goya y Lucientes, Francisco José de   |9 315215 
600 0 7 |a MUSEO DEL PRADO  |2 CL-VaPUC  |9 319199 
650 0 |a Museos  |9 269209 
650 0 |a Pintura española   |9 315217 
650 0 |a Pintores españoles  |9 315216 
650 7 |a GALERIAS DE ARTE  |2 CL-VaPUC  |9 438080 
650 0 |a Arte  |9 265238 
583 |a last modification  |c 20000114 00:00:00  |k Rodrigo Vera 
490 0 |a Documentos de Arte 
999 |c 285183  |d 285181 
952 |0 0  |1 0  |4 0  |6 759_600000000000000_CER_1982  |7 0  |8 A  |9 329603  |a BIBHIS  |b BIBHIS  |d 2019-11-20  |i 1390856  |o 759.6 CER 1982  |p 1390856  |r 2025-01-20  |w 2019-11-20  |y BK  |k HIS